| 000 | 00459nam a2200157Ia 4500 | ||
|---|---|---|---|
| 003 | GCL | ||
| 005 | 20240530102433.0 | ||
| 008 | 140319s9999 xx 000 0 ara d | ||
| 040 |
_aGCL / _cGCL |
||
| 082 | 0 | 4 |
_a320.101 _bا ح |
| 100 | 0 | _aاحمد صدقى الدجانى | |
| 245 | 1 | 0 |
_aحوار ومطارحات / _cاحمد صدقى الدجانى |
| 260 |
_a[S.N] : _bدار المستقبل العربى ، _c1986 |
||
| 300 | _a139 ص | ||
| 942 |
_2ddc _cBK |
||
| 999 |
_c32229 _d32229 |
||